La Ofensiva ideológica neoconservadora en América Latina

Se pretende identificar en términos muy gnerales, la importancia de la ofensiva ideológica neoconservadora estadounidense en América Latina, así como sus nuevos roles, sus principales características, tendencias, soportes institucionales y objetivos. Plantea la interrogante de si se ha abierto en Es...

Celý popis

Uloženo v:
Podrobná bibliografie
Hlavní autor: Ezcurra, Ana María
Korporativní autor: Departamento Ecuménico de Investigaciones (DEI)
Médium: Kniha
Jazyk:Spanish
Vydáno: San José, Costa Rica DEI 1988
Témata:
Tagy: Přidat tag
Žádné tagy, Buďte první, kdo vytvoří štítek k tomuto záznamu!

MARC

LEADER 00000nam a22000007a 4500
003 cru CIDCACS/IIS
005 20180917105257.0
008 180917b1988 cr ||||| |||| 00| 0 spa d
999 |c 41697  |d 41697 
040 |c cru CIDCACS/IIS 
090 4 |a REV0750 (16) 1988 
100 1 |9 7697  |a Ezcurra, Ana María 
110 2 |9 7636  |a Departamento Ecuménico de Investigaciones (DEI) 
245 1 3 |a La Ofensiva ideológica neoconservadora en América Latina   |c Ana María Ezcurra 
260 |a San José, Costa Rica  |b DEI  |c 1988 
300 |a 7-13 páginas 
520 |a Se pretende identificar en términos muy gnerales, la importancia de la ofensiva ideológica neoconservadora estadounidense en América Latina, así como sus nuevos roles, sus principales características, tendencias, soportes institucionales y objetivos. Plantea la interrogante de si se ha abierto en Estados Unidos un período de hegemonía conservadora antiestatista. SM/EL 
650 1 7 |2 Macrotesauro OCDE  |9 370  |a POLITICA EXTERIOR 
650 1 7 |2 Macrotesauro OCDE  |9 1428  |a IDEOLOGIAS 
650 1 7 |2 Macrotesauro OCDE  |9 137  |a REVOLUCION 
650 1 7 |2 Macrotesauro OCDE  |9 3642  |a DOCTRINAS POLITICAS 
650 1 7 |2 Macrotesauro OCDE  |9 966  |a HEGEMONIA 
650 1 7 |2 Macrotesauro OCDE  |9 129  |a NEOLIBERALISMO 
651 1 7 |2 Macrotesauro OCDE  |9 17  |a AMERICA LATINA 
773 0 |0 41641  |9 2259  |a Departamento Ecuménico de Investigaciones (DEI)  |d San José, Costa Rica Departamento Ecuménico de Investigaciones (DEI)  |o 20046  |t Pasos / 
942 |2 ddc  |c PP